ARRUPE JESUIT UNIVERSITY

CORONAVIRUS -STOP THE SPREAD - CLEAN,DISINFECT,COVER

The hard road to reform : (Record no. 126035)

MARC details
000 -LEADER
fixed length control field 01132cam a22003015i 4500
001 - CONTROL NUMBER
control field 17693233
003 - CONTROL NUMBER IDENTIFIER
control field ARRUPE
005 - DATE AND TIME OF LATEST TRANSACTION
control field 20170209110007.0
008 - FIXED-LENGTH DATA ELEMENTS--GENERAL INFORMATION
fixed length control field 130411s2013 rh a b 000 0 eng
010 ## - LIBRARY OF CONGRESS CONTROL NUMBER
LC control number 2012314836
020 ## - INTERNATIONAL STANDARD BOOK NUMBER
International Standard Book Number 9781779222160
040 ## - CATALOGING SOURCE
Original cataloging agency DLC
Language of cataloging eng
Transcribing agency DLC
Description conventions rda
Modifying agency DLC
042 ## - AUTHENTICATION CODE
Authentication code lcode
-- pcc
043 ## - GEOGRAPHIC AREA CODE
Geographic area code f-rh---
050 00 - LIBRARY OF CONGRESS CALL NUMBER
Classification number DT2996
Item number .H37 2013
300 ## - PHYSICAL DESCRIPTION
Other physical details illustrations ;
Dimensions 21 cm
245 04 - TITLE STATEMENT
Title The hard road to reform :
Remainder of title the politics of Zimbabwe's Global Political Agreement /
Statement of responsibility, etc edited by Brian Raftopoulos.
260 ## - PUBLICATION, DISTRIBUTION, ETC. (IMPRINT)
Place of publication, distribution, etc Harare
Name of publisher, distributor, etc Weaver Press
Date of publication, distribution, etc 2013
300 ## - PHYSICAL DESCRIPTION
Extent xxv, 255 pages :
504 ## - BIBLIOGRAPHY, ETC. NOTE
Bibliography, etc Includes bibliographical references (pages 251-255).
650 #0 - SUBJECT ADDED ENTRY--TOPICAL TERM
Topical term or geographic name as entry element Coalition governments
Geographic subdivision Zimbabwe.
9 (RLIN) 28554
651 #0 - SUBJECT ADDED ENTRY--GEOGRAPHIC NAME
Geographic name Zimbabwe
General subdivision Politics and government
Chronological subdivision 1980-
9 (RLIN) 28555
700 1# - ADDED ENTRY--PERSONAL NAME
Personal name Raftopoulos, Brian.
9 (RLIN) 28556
Relator term ed.
710 2# - ADDED ENTRY--CORPORATE NAME
Corporate name or jurisdiction name as entry element Solidarity Peace Trust.
9 (RLIN) 28557
856 41 - ELECTRONIC LOCATION AND ACCESS
Materials specified Table of contents only
Uniform Resource Identifier <a href="http://www.loc.gov/catdir/toc/fy15pdf01/2012314836.html">http://www.loc.gov/catdir/toc/fy15pdf01/2012314836.html</a>
906 ## - LOCAL DATA ELEMENT F, LDF (RLIN)
a 7
b ibc
c origode
d 3
e ncip
f 20
g y-gencatlg
942 ## - ADDED ENTRY ELEMENTS (KOHA)
Source of classification or shelving scheme Library of Congress Classification
Koha item type Monograph ( Printed materials)
Holdings
Withdrawn status Lost status Source of classification or shelving scheme Damaged status Not for loan Collection code Home library Current library Shelving location Date acquired Total Checkouts Full call number Barcode Date last seen Date checked out Price effective from Koha item type
    Library of Congress Classification     Main Collection ARRUPE LIBRARY ARRUPE LIBRARY Main Collection 07/02/2017 3 DT2996 .H37 2013 46500024008 19/03/2019 04/03/2019 07/02/2017 Monograph ( Printed materials)

 

Arrupe Library. PO Box MP320 Mt Pleasant, Harare, Zimbabwe
263 242 745411|librarian@aju.ac.zw